00334nam a2200109Ia 450000500170000000800410001710000200005824501000007826000110017830000110018965000240020020260328101523.0260328s9999||||xx |||||||||||||| ||und|| aMacgregor, Neil 2aA History of the World in 100 objects :b From the handaxe to the credit card /cNeil Macgregor bViking a707 p. aDISEÑO INDUSTRIAL